00644 2200229 4500001002100000005001700021008004100038020002200079035002400101043001300125082001100138090002100149100001700170245008700187250001000274260003300284300002400317650002300341700001700364850001200381990002100393YOGYA-0711000000052720110712092741.0 ind  a978-602-978-689-7 0010-071100000000527 aYOPD DIY a028.55 aDEP 028.55 Arn S aARNI WINDANA aSerangan monster apibkecil-kecil pintar karyacArni Windana ; editor, Kak Zis Eno aCet 1 aYogyakartabDiva Pressc2011 a98 hlmbilusc20 cm aBacaan kanak-kanak aZis Eno, Kak aYOPDYOG aCB-D.11 2011-515